000 00632cam a22001815a 4500
001 L156285
008 120510s1873 xxk f 000 0 eng d
035 _a(Sirsi) u156285
041 0 _aeng
245 0 0 _aInscriptiones Britanniae latinae
_bconsilio et auctoritate Academiae Litterarum Regiae Borussicae
260 _aBerolini [Berlin]
_bReimer
_c1873
300 _axii, 2, 345 p.
_bmap
_c39 cm.
583 0 _aCondition reviewed
_c20120620
_lcondition level 4, detached boards
651 4 _aGreat Britain
_y1707-
690 _aConservation and restoration
700 1 _aHubner, Ernst Willibald Emil
_d1834-1901
_eEditor
942 _n0
999 _c114155
_d114155